00627nam a2200181Ki 450000100060000000300060000600500170001200800410002901000160007003500200008604000130010608200160011910000330013524501680016826000390033630000210037565000490039626576GBCCL20241126110629.0800605s1970 nyu 000 0 eng d a 21013506 a(OCoLC)06392277 aMNLcMNL a268.61bDOU1 aDouglass, Earl Leroy,d1888-14aThe Douglass sunday school lessons, 1971 :bpractical expositions of the international sunday school lessons /cby Earl L. Douglass, assisted by Gordon L. Roberts. aNew York :bThomas Nelson,cc1971. a393 p. ;c21 cm. 0aSunday schoolsxExercises, recitations, etc.